00393nam a2200169Ia 4500003000400000005001700004008004100021020001500062040000700077041000800084082001700092100001800109245002600127260004000153300001700193365001300210OSt20230503144009.0210423s2003 xx 000 0 und d a8185771596 cAL aeng a660.634 TRIG aTRIPATHI (G). aEnzyme biotechnology. aJaipurbButterworth Heinemannc2003 aviii,265bHB b500cINR